Environmental management of nickel production : (Record no. 811)
[ view plain ]
| 000 -LEADER | |
|---|---|
| fixed length control field | 00392nam a2200145 4500 |
| 020 ## - ISBN | |
| International Standard Book Number | 9280713663 |
| 050 00 - LIBRARY OF CONGRESS CALL NUMBER | |
| Classification Number | TD899 |
| Item Number | .E59 1993 |
| 245 20 - TITLE | |
| Title | Environmental management of nickel production : |
| Remainder of title | a technical guide / |
| Statement of responsibility, etc | UNEP. |
| 260 ## - PUBLICATION, DISTRIBUTION, ETC.(IMPRINT) | |
| Place of publication, distribution, etc | Paris : |
| Name of publisher, distributor, etc | UNEP |
| Date of publication, distribution, etc | 1993. |
| 300 ## - PHYSICAL DESCRIPTION | |
| Extent | ix, 90 p. ; |
| 500 ## - GENERALNOTE | |
| General note | ´Techical report no. 15.´ |
| 650 #0 - SUBJECT--TOPIC | |
| Topical term following geographic name as entry element | Nickel. |
| 650 #0 - SUBJECT--TOPIC | |
| Topical term following geographic name as entry element | Mineral production. |
| 942 ## - ADDED ENTRY ELEMENTS(KOHA) | |
| Koha item type | General circulation |
| Source of classification or shelving scheme | Not for loan | Location (home branch) | Sublocation (holding branch) | Date accessioned | Cost, normal purchase price | Full call number | Barcode | Cost, replacement price | Nonpublic note | Koha item type | Public note |
|---|---|---|---|---|---|---|---|---|---|---|---|
| Library of Congress Classification | Main Campus Library | Main Campus Library | 13/08/2014 | 261.00 | TD 899 .E59 | 2019/023206 | 761.00 | Rono | General circulation | Rono |